000 010750000a22003130004500
003 EG-GICUC
005 20250223024909.0
008 070524s2002 ua d f m 000 0 eng d
040 _aEG-GICUC
_beng
_cEG-GICUC
041 0 _aEng
049 _aDeposite
097 _aM.Sc
099 _aCai01.11.25.M.Sc.2002.Su.F
100 0 _aSultan Mahmoud Sayed
245 1 0 _aFractures of the proximal end the femur in children /
_cSultan Mahmoud Sayed ; Supervised Ashraf Elnahal , Mohamed Elshewy
246 1 5 _aكسور الجزء العلوى لعظمة الفخذ فى الاطفال
260 _aCairo :
_bSultan Mahmoud Sayed ,
_c2002
300 _a96P. :
_bcharts ;
_c25Cm
502 _aThesis (M.Sc.) - Cairo University - Faculty Of Medicine - Department Of Orthopaedic Surgery
653 4 _aChildren
653 4 _afemur
653 4 _aFractures
700 0 _aAshraf Elnahal ,
_eSupervisor
700 0 _aMohamed Elshewy ,
_eSupervisor
856 _uhttp://172.23.153.220/th.pdf
905 _aAmira
_eCataloger
905 _aEsam
_eRevisor
942 _2ddc
_cTH
999 _c1408
_d1408